000 00742nam a22002177a 4500
003 UA-OsUOA
001 118075
007 ta
008 20160715b un ||||| |||| 00| 0 ukr d
100 _aНевідомий В.І.
090 _a330(477)
_bН40
942 _cSA
040 _aUA-OsUOA
_bukr
_cUA-OsUOA
_dUA-OsUOA
245 _aРозвиток інституційної спроможності Рахункової палати України як незалежної державної аудиторської установи
300 _aС.116-126
955 _a0
041 _aukr
080 _a330(477)
773 0 _w118068
_tФінанси України
_dК.
_d2016
_g1
650 7 _a330 Економіка взагалі
_2UDC
999 _c404130
_d404130